000 00648nam a22002177a 4500
003 OSt
005 20220107122719.0
008 130816b xxu||||| |||| 00| 0 eng d
020 _a9781780171227
040 _cIIITM-K
082 _a658.15 BLA/F
100 _aBlackstaff, Michael
_91596
245 _aFinance for IT decision makers:
_bA practical handbook for buyers, sellers and managers
_cby Michael Blackstaff
250 _a3rd edition
260 _aUK,
_bBritish Computer Society,
_c2012.
300 _axix,258p.
650 _aMANAGEMENT
_91597
650 _aDECISION MAKING
_91598
650 _aFINANCIAL MANAGEMENT
_91599
942 _2ddc
_cBK
999 _c3193
_d3193